THE SECRETS OF DROON (Record no. 6138)
[ view plain ]
| 000 -LEADER | |
|---|---|
| fixed length control field | 00910nam a22001457a 4500 |
| 020 ## - INTERNATIONAL STANDARD BOOK NUMBER | |
| ISBN | 978-0-439-56043-6 |
| 082 ## - DEWEY DECIMAL CLASSIFICATION NUMBER | |
| Classification number | 823 |
| Item number | ABB/F |
| 100 ## - MAIN ENTRY--AUTHOR NAME | |
| Personal name | ABBOTT, TONY |
| 245 ## - TITLE STATEMENT | |
| Title | THE SECRETS OF DROON |
| Remainder of title | FLIGHT OF THE GENIE |
| 260 ## - PUBLICATION, DISTRIBUTION, ETC. (IMPRINT) | |
| Place of publication | NEW YORK |
| Name of publisher | SCHOLASTIC |
| Year of publication | 2013 |
| 300 ## - PHYSICAL DESCRIPTION | |
| Number of Pages | 122 |
| 520 ## - SUMMARY, ETC. | |
| Summary, etc | The city of Ut is a city of secrets. Mysteriously, it only appears once every one hundred years. And to enter, you need the key, which is kept in the magical bottle of Ut. Eric, Keeah, and the others need to get inside the city to help a friend. The good genie, Hoja, is being held prisoner there, and he needs rescuing! They have discovered the secret of the magic bottle, and so they know they can get inside the city walls. But what they don't know is that Ut holds other secrets. Dark, dangerous secrets. Secrets that involve a certain sorcerer named Sparr... |
| 650 ## - SUBJECT ADDED ENTRY--TOPICAL TERM | |
| Topical Term | ADVENTURE STORY |
| Geographic subdivision | UNITED STATES |
| 942 ## - ADDED ENTRY ELEMENTS (KOHA) | |
| Koha item type | Books |
| Withdrawn status | Lost status | Collection code | Home library | Current library | Shelving location | Date acquired | Source of acquisition | Cost, normal purchase price | Full call number | Accession Number | Koha item type |
|---|---|---|---|---|---|---|---|---|---|---|---|
| Fiction | Main Library | Main Library | SHELF 15 H-HARRY POTTER(CHARACTERISATION),WIMPY KID,DORK DIARIES | 27/03/2015 | purchase | 110.00 | 823 ABB/F | 08488 | Books |